| 000 | 00474nam a2200193Ia 4500 | ||
|---|---|---|---|
| 008 | 170705s9999 xx 000 0 und d | ||
| 020 | _a9780060567361 | ||
| 245 | _aChinese cinderella : | ||
| 245 | _band the secret dragon society / | ||
| 245 | _cAdeline Yen Mah. | ||
| 250 | _aFirst edition. | ||
| 260 | _aNew York : | ||
| 260 | _bHarperTrophy, | ||
| 260 | _c2005 | ||
| 300 | _a241 pages : | ||
| 300 | _bcolor illustration ; | ||
| 300 | _c19cm. | ||
| 500 | _a850 | ||
| 999 |
_c336426 _d336426 |
||